Statistics for First Lines of Songs #6

Click here to take the quiz!

General Stats

  • This quiz has been taken 70 times
  • The average score is 11 of 30

Answer Stats

First line Musical Act % Correct
Goodbye Norma Jean / Though I never knew you at allElton John
74%
Uptown Funk
68%
The club isn't the best place to find a lover / So the bar is where I goEd Sheeran
65%
Candle in the wind
60%
I could stay awake just to hear you breathingAerosmith
58%
Shape of you
58%
This hit, that ice cold / Michelle Pfeiffer, that white goldMark Ronson
54%
I've never seen a diamond in the fleshLorde
51%
Royals
51%
Take me to church
49%
My lover's got humour she's the giggle at a funeralHozier
47%
She keeps Moet & Chandon in her pretty cabinetQueen
40%
I don't wanna miss a thing
40%
Killer Queen
37%
Hello ? Is there anybody in there ?Pink Floyd
35%
Deep down in Louisiana close to New OrleansChuck Berry
32%
Johnny B. Goode
32%
Comfortably Numb
30%
Titanium
26%
You shout it out but I can't hear a word you sayDavid Guetta
26%
I took her out, it was a Friday nightBlink-182
21%
What's my age again?
21%
You are now about to witness the strength of street knowledgeN.W.A.
19%
Straight outta Compton
18%
It's a God-awful small affair / To the girl with the mousy hairDavid Bowie
18%
Life on Mars?
16%
Uprising
11%
The paranoia is in bloom / The P-R Transmissions will resumeMuse
11%
Please could you stop the noise I'm trying to get some restRadiohead
7%
Paranoid Android
5%

Score Distribution

Percentile by Number Answered

Percent of People with Each Score

Your Score History

You have not taken this quiz